00809nam a22002177a 4500999001900000005001700019010001500036020002600051035001400077037001300091082001200104100001600116245006100132260004500193270006600238300003500304500008300339700001800422942002600440952012500466 c157679d15767920180924162649.0 aENG-124044 a9780199459643c895.00 aEN-107576 bDBAD/PUB a005.133 aSeth, Anita aJava:cby Anita Seth [and] B.L. Junejabone step ahead / aNew DelhibOxford University Pressc2017 bNew Delhie110002a2/11 Ground Floor, Ansari Road, Daryaganj, axxiii,1191pc24cm.(pbk.)bill. aIt includes Appendix A, Java, Appendix B, Java Interview Questions and index a Juneja, B.L. 2ddccENh005.133mSET 001040718NFICaDBADbZLSd2018-09-24eDBAD/PUBg895.00l0o005.133 SETpEN-107576r2018-09-24 00:00:00t1v895.00yEN